| 000 | 00884cam a22003015a 4500 | ||
|---|---|---|---|
| 001 | 15918996 | ||
| 005 | 20150820153839.0 | ||
| 008 | 090923s2010 nyu | b 001 0 eng d | ||
| 020 | _a9780071629355 (alk. paper) | ||
| 020 | _a0071629351 | ||
| 040 |
_aDLC _cDLC _beng _dEG-ScBUE |
||
| 050 | 0 | 0 |
_aTK8304 _b.P43 2009 |
| 082 | 0 | 4 |
_222 _a621.36 _bPEA |
| 100 | 1 |
_aPearsall, Thomas P. _912858 |
|
| 245 | 1 | 0 |
_aPhotonics Essentials / _cThomas P. Pearsall. |
| 250 | _a2nd ed. | ||
| 260 |
_aNew York : _bMcGraw-Hill Companies, _cc.2010. |
||
| 300 |
_axiii, 304 p. : _bill. ; _c24 cm. |
||
| 500 | _aIndex : p. 299-304. | ||
| 590 | _ashima | ||
| 650 | 0 |
_aOptoelectronic devices. _912859 _2BUEsh |
|
| 650 | 0 |
_aPhotonics. _912860 _2BUEsh |
|
| 650 | 0 |
_aOptoelectronics. _912861 _2BUEsh |
|
| 651 | _2BUEsh | ||
| 653 |
_bENGELC _cJune2015 |
||
| 655 |
_vreading book _934232 |
||
| 942 |
_2ddc _cBB |
||
| 999 |
_c13723 _d13723 |
||